| 000 | 00676cab a22002175a 4500 | ||
|---|---|---|---|
| 001 | L159310 | ||
| 008 | 160728e2016 xxk 000 0 eng d | ||
| 035 | _a(Sirsi) u159310 | ||
| 041 | 0 | _aeng | |
| 100 | 1 | _aYorke, Trevor | |
| 245 | 0 | 0 |
_aGarden maintenance _bThe law of the jungle or concrete front and back? |
| 260 | _c2016 | ||
| 490 |
_aLetting Update Journal _v24(2) July 2016, 22-24(3) |
||
| 520 | _aOffers advice to landlords and tenants on creating low-maintenance gardens including the use of artifical grass. | ||
| 590 | _aKA | ||
| 650 | 2 | 4 | _aGARDENS |
| 650 | 2 | 4 | _aMAINTENANCE |
| 651 | 4 |
_aUnited Kingdom _y |
|
| 690 |
_aLandlord and tenant _96252 |
||
| 942 | _n0 | ||
| 999 |
_c84866 _d84866 |
||